[Event "Titled Tue 10th Jun Early"]
[Site "chess.com INT"]
[Date "2025.06.10"]
[Round "6"]
[White "Palczert, Matyas"]
[Black "Ivanov, Andrey A."]
[Result "1-0"]
[WhiteTitle "FM"]
[BlackTitle "CM"]
[WhiteElo "2396"]
[BlackElo "2120"]
[WhiteFideId "784958"]
[BlackFideId "2514311"]
[EventDate "2025.06.10"]

1. b3 d5 2. Bb2 c5 3. e3 Nc6 4. Bb5 Nf6 5. Bxc6+ bxc6 6. Nf3 e6 7. O-O Be7 8. d3
O-O 9. Nbd2 Nd7 10. e4 d4 11. e5 Qc7 12. Re1 Ba6 13. Qe2 Nb6 14. Ne4 Nd5 15. Bc1
Rab8 16. Bg5 Bxg5 17. Nexg5 h6 18. Ne4 Nf4 19. Qd2 Ng6 20. Nxc5 Bc8 21. Nxd4
Nxe5 22. Qf4 f6 23. Ncxe6 Bxe6 24. Nxe6 Qa5 25. Nxf8 Rxf8 26. Qe4 Re8 27. b4 Qa3
28. f4 Qc3 29. fxe5 Rxe5 30. Qc4+ 1-0

[Event "Titled Tue 10th Jun Early"]
[Site "chess.com INT"]
[Date "2025.06.10"]
[Round "6"]
[White "Khazan, Yevgeny"]
[Black "Brezis, Ari"]
[Result "1/2-1/2"]
[WhiteTitle "CM"]
[BlackTitle "CM"]
[WhiteElo "2135"]
[BlackElo "2179"]
[WhiteFideId "2806193"]
[BlackFideId "2858541"]
[EventDate "2025.06.10"]

1. d4 Nf6 2. c4 e6 3. Nf3 c5 4. d5 b5 5. Bg5 bxc4 6. e4 Qa5+ 7. Qd2 Qxd2+ 8.
Nbxd2 d6 9. Bxc4 Be7 10. Bb5+ Bd7 11. Bxd7+ Nbxd7 12. dxe6 fxe6 13. e5 dxe5 14.
Nc4 e4 15. Nfd2 Rb8 16. O-O h6 17. Bf4 Rb4 18. a3 Rb7 19. Rfe1 g5 20. Bd6 Nb6
21. Bxe7 Kxe7 22. Na5 Rd7 23. Nxe4 Nxe4 24. Rxe4 Rc8 25. Rae1 Rd6 26. Nb7 Rdc6
27. Na5 Rd6 28. Nb7 Rdc6 29. Na5 Rd6 1/2-1/2

[Event "Titled Tue 10th Jun Early"]
[Site "chess.com INT"]
[Date "2025.06.10"]
[Round "6"]
[White "Mompel Ferruz, Xavier"]
[Black "Puzyrevsky, Semyon"]
[Result "0-1"]
[WhiteTitle "FM"]
[BlackTitle "FM"]
[WhiteElo "2342"]
[BlackElo "2292"]
[WhiteFideId "54585775"]
[BlackFideId "24240931"]
[EventDate "2025.06.10"]

1. e4 e5 2. Nf3 Nc6 3. Bb5 a6 4. Ba4 Nf6 5. O-O Bc5 6. c3 b5 7. Bb3 d6 8. d4 Bb6
9. Be3 O-O 10. Nbd2 Bb7 11. Re1 Re8 12. Ng5 Re7 13. dxe5 dxe5 14. Bxb6 cxb6 15.
Nf1 Qc7 16. Ng3 Rd8 17. Qe2 h6 18. Nf3 Red7 19. Rad1 Na5 20. Bc2 Nc4 21. Bb3
Rxd1 22. Rxd1 Rxd1+ 23. Bxd1 Qc6 24. Qd3 Nxb2 25. Qd8+ Kh7 26. Bb3 Nc4 27. Bxc4
Qxc4 28. Nxe5 Qxc3 29. Nxf7 Qe1+ 30. Nf1 Qxe4 31. f3 Qd5 32. Qe7 Bc8 33. Nd6 Be6
34. Ne3 Qe5 35. Kf2 Qb2+ 36. Kg1 Qc1+ 37. Nf1 Qc5+ 38. Kh1 Bxa2 39. Qd8 Qd4 40.
Qe7 Qd1 41. Kg1 Bc4 42. Nxc4 bxc4 43. Qe6 Qd4+ 44. Kh1 c3 45. Qf5+ g6 46. Qc8
Qc5 47. Qb7+ Kh8 48. Qb8+ Ng8 49. h3 c2 0-1

[Event "Titled Tue 10th Jun Early"]
[Site "chess.com INT"]
[Date "2025.06.10"]
[Round "6"]
[White "Lopez, Henry"]
[Black "Andriienko, Artom"]
[Result "1-0"]
[WhiteElo "2050"]
[BlackElo "2151"]
[WhiteFideId "5203830"]
[BlackFideId "34129510"]
[EventDate "2025.06.10"]

1. d4 Nf6 2. Nf3 e6 3. c4 b6 4. a3 Bb7 5. Nc3 Be7 6. d5 O-O 7. e4 Re8 8. e5 exd5
9. exf6 Bxf6+ 10. Be2 dxc4 11. Nd5 Bxd5 12. Qxd5 Qe7 13. Qxc4 d5 14. Qc2 d4 15.
Kf1 c5 16. Bc4 Nc6 17. g3 Ne5 18. Nxe5 Bxe5 19. Kg2 Rad8 20. Re1 Qd6 21. Qf5 Bf6
22. Bf4 Qc6+ 23. Bd5 Rxe1 24. Bxc6 Rxa1 25. Be4 d3 26. Bxd3 h6 27. Qh7+ Kf8 28.
Bc4 Ke7 29. Qe4+ Kf8 30. Qb7 1-0

[Event "Titled Tue 10th Jun Early"]
[Site "chess.com INT"]
[Date "2025.06.10"]
[Round "6"]
[White "Bozorov, Javohir"]
[Black "Kosteniuk, Alexandra"]
[Result "0-1"]
[WhiteTitle "FM"]
[BlackTitle "GM"]
[WhiteElo "2039"]
[BlackElo "2474"]
[WhiteFideId "14216957"]
[BlackFideId "4128125"]
[EventDate "2025.06.10"]

1. d4 Nf6 2. Nf3 d5 3. Bf4 c5 4. e3 Nc6 5. c3 Nd7 6. Nbd2 g6 7. h4 h5 8. Ne5
Ndxe5 9. dxe5 Bg7 10. Nf3 Bg4 11. Be2 Qd7 12. Qb3 O-O 13. Rd1 Rad8 14. e4 d4 15.
cxd4 cxd4 16. Ng5 Bxe2 17. Kxe2 Bxe5 18. Bxe5 Nxe5 19. Rh3 Kg7 20. Kf1 a6 21.
Nf3 Nc6 22. Rg3 e5 23. Ne1 f5 24. Qf3 fxe4 25. Qxh5 Qf5 26. Qe2 Ne7 27. Rg5 d3
28. Qe3 Nd5 29. Qg3 Qxf2+ 30. Qxf2 Ne3+ 31. Kg1 Rxf2 32. Kxf2 Nxd1+ 33. Kg1 Ne3 0-1

[Event "Titled Tue 10th Jun Early"]
[Site "chess.com INT"]
[Date "2025.06.10"]
[Round "6"]
[White "Nakonechnyi, Oleksii"]
[Black "Chan, Mark"]
[Result "1-0"]
[WhiteTitle "CM"]
[BlackTitle "FM"]
[WhiteElo "2222"]
[BlackElo "2179"]
[WhiteFideId "34173714"]
[BlackFideId "5800560"]
[EventDate "2025.06.10"]

1. e4 c5 2. Nf3 d6 3. c3 Nf6 4. Bd3 g6 5. h3 Bg7 6. O-O O-O 7. Bc2 Nc6 8. d4
cxd4 9. cxd4 d5 10. e5 Ne8 11. Nc3 f6 12. Nxd5 fxe5 13. dxe5 Nxe5 14. Nxe5 Bxe5
15. Bh6 Ng7 16. Bb3 Be6 17. Re1 Qd6 18. Nxe7+ Qxe7 19. Rxe5 Qf6 20. Bxg7 Qxf2+
21. Kh1 Bxb3 22. Qxb3+ Kxg7 23. Re7+ Rf7 24. Qxb7 Rf8 25. Rd1 Rxe7 26. Qxe7+ Kg8
27. Qe6+ Kg7 28. Rd7+ Kh6 29. Qe5 Rf6 30. Rxa7 Qxa7 31. Qxf6 Qxa2 32. Qf8+ Kg5
33. Qb8 h5 34. b4 Kf5 35. b5 Qa1+ 36. Kh2 Qe5+ 37. Qxe5+ Kxe5 38. Kg3 g5 39. h4
g4 40. b6 Kd6 41. Kf4 Kc6 42. Kg5 1-0

[Event "Titled Tue 10th Jun Early"]
[Site "chess.com INT"]
[Date "2025.06.10"]
[Round "6"]
[White "Dragnev, Valentin"]
[Black "Dorrance, Adam"]
[Result "1-0"]
[WhiteTitle "GM"]
[BlackTitle "FM"]
[WhiteElo "2547"]
[BlackElo "2301"]
[WhiteFideId "1634852"]
[BlackFideId "2618567"]
[EventDate "2025.06.10"]

1. e4 e6 2. d4 d5 3. Nd2 c5 4. Ngf3 Nf6 5. e5 Nfd7 6. c3 Nc6 7. Bd3 Be7 8. O-O
g5 9. Nb1 g4 10. Ne1 h5 11. Nc2 Qb6 12. Kh1 cxd4 13. cxd4 a5 14. Nc3 Nb4 15. f4
f5 16. exf6 Nxf6 17. Bg6+ Kd8 18. f5 exf5 19. Bxf5 Bxf5 20. Rxf5 Nxc2 21. Qxc2
Qe6 22. Re5 Qd7 23. Bg5 Re8 24. Rae1 Ra6 25. Qe2 Ne4 26. Nxe4 dxe4 27. Qxe4 1-0

[Event "Titled Tue 10th Jun Early"]
[Site "chess.com INT"]
[Date "2025.06.10"]
[Round "6"]
[White "Zhou, Yuxu"]
[Black "Fikiet, Alex"]
[Result "1-0"]
[WhiteTitle "CM"]
[WhiteElo "2113"]
[BlackElo "2151"]
[WhiteFideId "8626421"]
[BlackFideId "2052717"]
[EventDate "2025.06.10"]

1. d4 Nf6 2. c4 e5 3. dxe5 Ng4 4. Nf3 Bc5 5. e3 Nc6 6. Be2 O-O 7. O-O Re8 8. Nc3
Ngxe5 9. Nxe5 Nxe5 10. f4 Nc6 11. Kh1 Bxe3 12. Bxe3 Rxe3 13. f5 f6 14. Nd5 Re5
15. Bd3 d6 16. Qg4 Ne7 17. Nxf6+ Kh8 18. Nxh7 Ng8 19. Ng5 Nh6 20. Qh5 Qf6 21.
Rae1 Bd7 22. Rxe5 dxe5 23. Ne4 Qf7 24. Qh4 c6 1-0

[Event "Titled Tue 10th Jun Early"]
[Site "chess.com INT"]
[Date "2025.06.10"]
[Round "6"]
[White "Tabatabaei, M. Amin"]
[Black "Vogel, Roven"]
[Result "1-0"]
[WhiteTitle "GM"]
[BlackTitle "GM"]
[WhiteElo "2655"]
[BlackElo "2551"]
[WhiteFideId "12521213"]
[BlackFideId "12908088"]
[EventDate "2025.06.10"]

1. e4 c5 2. Nc3 e6 3. Nge2 Nc6 4. d4 cxd4 5. Nxd4 a6 6. Nxc6 bxc6 7. Bd3 d5 8.
O-O Nf6 9. Qf3 Be7 10. b3 O-O 11. Bb2 d4 12. Ne2 e5 13. h3 Be6 14. Ng3 g6 15.
Qe2 a5 16. a4 Ne8 17. f4 exf4 18. Rxf4 Bg5 19. Rf3 c5 20. Raf1 Ng7 21. Kh1 Qc7
22. Bc4 Rae8 23. e5 Bxc4 24. Qxc4 Rxe5 25. Bxd4 Re6 26. Bb2 Qc6 27. Qc3 Bh6 28.
Qxa5 f5 29. Qc3 Rd8 30. Qc4 Qd5 31. Rd3 1-0

[Event "Titled Tue 10th Jun Early"]
[Site "chess.com INT"]
[Date "2025.06.10"]
[Round "6"]
[White "Bahmani, Koorosh"]
[Black "Antoniou, Rafail"]
[Result "0-1"]
[WhiteTitle "CM"]
[BlackTitle "CM"]
[WhiteElo "2207"]
[BlackElo "2134"]
[WhiteFideId "42576750"]
[BlackFideId "5904390"]
[EventDate "2025.06.10"]

1. Nf3 d5 2. g3 c6 3. c4 Nf6 4. Bg2 Bg4 5. Ne5 Bf5 6. Qb3 Qb6 7. cxd5 Qxb3 8.
axb3 cxd5 9. Nc3 Nc6 10. Nb5 Rc8 11. Nxc6 bxc6 12. Nxa7 Ra8 13. Ra4 Kd7 14. d4
e6 15. Nxc6 Kxc6 16. Rxa8 Bb4+ 17. Bd2 Bxd2+ 18. Kxd2 Rxa8 19. Rc1+ Kd6 20. Rc5
Ra2 21. Kc3 Ra1 22. Rb5 Rc1+ 23. Kb4 Rc2 24. Bf3 Be4 25. Rb7 Bxf3 26. exf3 Nd7
27. Kb5 Rxb2 28. b4 Rxf2 29. f4 Rxh2 30. Ra7 Rb2 31. Ra6+ Ke7 32. Ra7 h6 33. Kc6
Rxb4 34. Rxd7+ Kf6 35. Kc5 Rc4+ 0-1

[Event "Titled Tue 10th Jun Early"]
[Site "chess.com INT"]
[Date "2025.06.10"]
[Round "6"]
[White "Vasquez Schroeder, Rodrigo"]
[Black "Kuzmin, Roman"]
[Result "1-0"]
[WhiteTitle "GM"]
[BlackTitle "FM"]
[WhiteElo "2446"]
[BlackElo "2203"]
[WhiteFideId "3400042"]
[BlackFideId "44134932"]
[EventDate "2025.06.10"]

1. e4 c5 2. Nf3 d6 3. d4 cxd4 4. Nxd4 Nf6 5. Nc3 a6 6. Bg5 e6 7. f4 h6 8. Bh4
Qb6 9. Bxf6 gxf6 10. Qd2 Qxb2 11. Nb3 Qa3 12. Be2 h5 13. O-O Nc6 14. Kh1 Qb4 15.
Qe3 Qa3 16. Nb1 Qa4 17. c4 Nd8 18. Nc3 Qd7 19. Rad1 Qc7 20. e5 dxe5 21. fxe5
Qxe5 22. Qb6 Nc6 23. Bf3 Bd6 24. Bxc6+ Ke7 25. Rxd6 Qxd6 26. Na5 bxc6 27. Ne4
Qa3 28. Nxc6+ Kf8 29. Qd8+ Kg7 30. Qxf6+ Kh7 31. Ng5+ Kg8 32. Qxf7# 1-0

[Event "Titled Tue 10th Jun Early"]
[Site "chess.com INT"]
[Date "2025.06.10"]
[Round "6"]
[White "Jovic, Stanoje"]
[Black "Montejo Bello, Lorena Beatriz"]
[Result "1-0"]
[WhiteTitle "FM"]
[BlackTitle "WFM"]
[WhiteElo "2096"]
[BlackElo "2090"]
[WhiteFideId "905020"]
[BlackFideId "3529045"]
[EventDate "2025.06.10"]

1. c4 e6 2. g3 d5 3. d4 Nf6 4. Bg2 dxc4 5. Nf3 c5 6. O-O Nc6 7. Qa4 Bd7 8. dxc5
Na5 9. Qc2 Bxc5 10. Ne5 Qc7 11. Bf4 Bd6 12. Nxd7 Nxd7 13. Bxd6 Qxd6 14. Qc3 Qc7
15. Qxg7 O-O-O 16. Nc3 Nc5 17. Rfc1 a6 18. Rab1 Rdg8 19. Qf6 Kb8 20. Ne4 Nxe4
21. Bxe4 Qd7 22. b4 cxb3 23. Qe5+ Ka8 24. Qxa5 bxa2 25. Qxa6+ Kb8 26. Rxb7+ Qxb7
27. Qxb7# 1-0

[Event "Titled Tue 10th Jun Early"]
[Site "chess.com INT"]
[Date "2025.06.10"]
[Round "6"]
[White "Mohamed, Anees M"]
[Black "Krutko, Anatoly"]
[Result "1/2-1/2"]
[WhiteTitle "FM"]
[BlackTitle "FM"]
[WhiteElo "2431"]
[BlackElo "2397"]
[WhiteFideId "35065815"]
[BlackFideId "4185862"]
[EventDate "2025.06.10"]

1. Nf3 Nf6 2. b3 g6 3. Bb2 Bg7 4. g3 O-O 5. Bg2 b6 6. O-O Bb7 7. c4 c5 8. d4
cxd4 9. Qxd4 d6 10. Nc3 Nbd7 11. Qd2 a6 12. Rad1 Rc8 13. Nd4 Bxg2 14. Kxg2 Qc7
15. e4 Qb7 16. Rfe1 Nc5 17. Qe2 Rfd8 18. Nd5 Re8 19. Qf3 Ncd7 20. a4 e6 21.
Nxf6+ Bxf6 22. e5 Qxf3+ 23. Nxf3 Nxe5 24. Bxe5 Bxe5 25. Nxe5 dxe5 26. Rxe5 Rc6
27. Rd7 Rec8 28. Ra7 a5 29. Rb5 Rd6 30. Rb7 Rcc6 31. g4 Kg7 32. h4 h6 33. Kg3
Rd3+ 34. f3 Rdd6 35. h5 g5 36. Kf2 Rd2+ 37. Ke3 Rcd6 38. R5xb6 R6d3+ 39. Ke4 Kf6
40. Rc7 Rd8 41. Ke3 R8d3+ 42. Ke4 Rd4+ 43. Ke3 R4d3+ 44. Ke4 1/2-1/2

[Event "Titled Tue 10th Jun Early"]
[Site "chess.com INT"]
[Date "2025.06.10"]
[Round "6"]
[White "Topalov, Aleksandar"]
[Black "Ugorek, Kacper"]
[Result "1-0"]
[WhiteTitle "CM"]
[BlackTitle "CM"]
[WhiteElo "2233"]
[BlackElo "2262"]
[WhiteFideId "925659"]
[BlackFideId "21890676"]
[EventDate "2025.06.10"]

1. b3 Nf6 2. Bb2 g6 3. Bxf6 exf6 4. c4 Bg7 5. Nc3 f5 6. e3 O-O 7. Nge2 b6 8. Rc1
Bb7 9. Nd5 d6 10. g3 Nd7 11. Bg2 c6 12. Ndc3 Qe7 13. O-O Rfe8 14. b4 Nf6 15. b5
c5 16. Bxb7 Qxb7 17. Nf4 Ne4 18. Nxe4 fxe4 19. Nd5 f5 20. f3 exf3 21. Qxf3 Qd7
22. a4 Qe6 23. Nc7 Qc8 24. Nxa8 Qxa8 25. Qxa8 Rxa8 26. Rc2 Kf7 27. a5 a6 28.
bxa6 Rxa6 29. Rb1 bxa5 30. Rb7+ Kf6 31. Ra2 g5 32. Ra4 f4 33. Rb5 fxe3 34. dxe3
Ke5 35. Raxa5 Rxa5 36. Rxa5 Ke4 37. Kf2 Kd3 38. Ra7 Be5 39. Rxh7 Kxc4 40. Ke2
Kb3 41. h4 gxh4 42. gxh4 c4 43. h5 c3 44. Kd3 Kb2 45. Rb7+ Kc1 46. h6 Bf6 47.
Rc7 Kd1 48. Rxc3 1-0

[Event "Titled Tue 10th Jun Early"]
[Site "chess.com INT"]
[Date "2025.06.10"]
[Round "6"]
[White "Huseynova, Dinara"]
[Black "Raptis, Nick"]
[Result "0-1"]
[WhiteTitle "WCM"]
[BlackTitle "FM"]
[WhiteElo "1833"]
[BlackElo "2220"]
[WhiteFideId "13437313"]
[BlackFideId "2016850"]
[EventDate "2025.06.10"]

1. Nf3 g6 2. g3 Bg7 3. Bg2 Nf6 4. O-O d6 5. d3 O-O 6. Nbd2 Nc6 7. e4 e5 8. b3
Nh5 9. Nh4 Nf4 10. gxf4 Qxh4 11. Nf3 Qh5 12. fxe5 Bg4 13. h3 Bxh3 14. Ng5 Bg4
15. f3 Bxe5 16. fxg4 Qh2+ 17. Kf2 Qg3+ 18. Kg1 Qh2+ 19. Kf2 Bxa1 20. Nf3 Bd4+
21. Be3 Bxe3+ 22. Kxe3 Qxg2 23. Rg1 Qh3 24. Kd2 Ne5 25. Ng5 Qh4 26. Nf3 Qf2+ 27.
Qe2 Nxf3+ 0-1

[Event "Titled Tue 10th Jun Early"]
[Site "chess.com INT"]
[Date "2025.06.10"]
[Round "6"]
[White "Hossain, Enamul"]
[Black "De Sousa, Antonio Micaias Silva"]
[Result "1-0"]
[WhiteTitle "GM"]
[WhiteElo "2347"]
[BlackElo "2007"]
[WhiteFideId "10200649"]
[BlackFideId "22798528"]
[EventDate "2025.06.10"]

1. d4 d5 2. c4 dxc4 3. Nf3 Nf6 4. e3 e6 5. Bxc4 c5 6. O-O a6 7. b3 Nbd7 8. Bb2
Be7 9. Nbd2 O-O 10. Rc1 b5 11. Be2 Bb7 12. a4 Qb6 13. dxc5 Nxc5 14. axb5 axb5
15. Bd4 b4 16. Ne5 Qa5 17. Bf3 Bxf3 18. Qxf3 Qb5 19. Nc6 Bd6 20. Nc4 Nb7 21.
Bxf6 gxf6 22. Nxd6 Nxd6 23. Qxf6 Nc8 24. Rc4 Qf5 25. Qh4 Kh8 26. Rf4 Qg6 27. Rg4
Qf5 28. Nd4 Qe5 29. Nf3 Qc3 30. Ng5 1-0

[Event "Titled Tue 10th Jun Early"]
[Site "chess.com INT"]
[Date "2025.06.10"]
[Round "6"]
[White "Araujo Filho, Luiz Antonio Coel"]
[Black "Marchesich, Giovanni"]
[Result "0-1"]
[BlackTitle "CM"]
[WhiteElo "2077"]
[BlackElo "2189"]
[WhiteFideId "2130661"]
[BlackFideId "2824790"]
[EventDate "2025.06.10"]

1. d4 c5 2. e3 Nf6 3. Nf3 g6 4. Be2 Bg7 5. O-O O-O 6. b3 Nc6 7. Bb2 cxd4 8. exd4
d5 9. Re1 Bf5 10. c3 Ne4 11. Nbd2 Rc8 12. Nxe4 dxe4 13. Nh4 Be6 14. g3 f5 15.
Ng2 Bf7 16. Qd2 e5 17. Rad1 exd4 18. cxd4 Bd5 19. Nf4 Kh8 20. Bc4 Bxc4 21. bxc4
Qe7 22. d5 Ne5 23. Bxe5 Bxe5 24. Ne6 Rfe8 25. c5 Qf6 26. Rb1 Bc3 27. Qe2 Bxe1
28. Qxe1 Re7 29. Qe3 Rd7 30. Qh6 Qe5 31. Nf8 Qg7 32. Qxg7+ Rxg7 33. Ne6 Rd7 34.
d6 Kg8 35. Nf4 Rxc5 0-1

[Event "Titled Tue 10th Jun Early"]
[Site "chess.com INT"]
[Date "2025.06.10"]
[Round "6"]
[White "Nguyen Quang Anh"]
[Black "Andrejevs, Arvids"]
[Result "0-1"]
[WhiteTitle "CM"]
[BlackTitle "CM"]
[WhiteElo "2052"]
[BlackElo "2165"]
[WhiteFideId "12432377"]
[BlackFideId "11602708"]
[EventDate "2025.06.10"]

1. d4 d6 2. c4 g6 3. Nc3 Bg7 4. e4 Nf6 5. f4 O-O 6. Nf3 Nbd7 7. Be2 e5 8. fxe5
dxe5 9. dxe5 Ng4 10. Bg5 Qe8 11. Nd5 Bxe5 12. Nxe5 Qxe5 13. Be7 Qxe4 14. Bxf8
Qxg2 15. Rf1 Nxf8 16. Bxg4 Bxg4 17. Nf6+ Kh8 18. Qxg4 Re8+ 19. Nxe8 Qxg4 20.
Nxc7 Qe4+ 21. Kd2 Qd4+ 22. Ke1 Qe5+ 23. Kd2 Qxb2+ 24. Kd3 Nd7 25. Rae1 Nc5+ 26.
Ke3 Qe5+ 27. Kf3 Qxc7 28. Kg4 Kg7 29. h4 h5+ 30. Kh3 Ne6 31. Re4 Qd7 32. Kg2
Qd2+ 33. Rf2 Qd3 34. Rfe2 Nf4+ 35. Rxf4 Qxe2+ 36. Rf2 0-1

[Event "Titled Tue 10th Jun Early"]
[Site "chess.com INT"]
[Date "2025.06.10"]
[Round "6"]
[White "Madi, Aidana"]
[Black "Zgadzaj, Rafal"]
[Result "0-1"]
[WhiteTitle "WFM"]
[BlackTitle "CM"]
[WhiteElo "1899"]
[BlackElo "2018"]
[WhiteFideId "13722689"]
[BlackFideId "1113712"]
[EventDate "2025.06.10"]

1. e4 c6 2. d4 d5 3. Nd2 Nf6 4. e5 Nfd7 5. c3 f6 6. Bd3 g6 7. e6 Nb6 8. Qg4 Qd6
9. Bxg6+ hxg6 10. Qxg6+ Kd8 11. Ne2 Qxe6 12. Nf3 Qg8 13. Qd3 Qxg2 14. Rg1 Qh3
15. Nf4 Qh7 16. Ng6 Rg8 17. Bf4 Be6 18. O-O-O Bf7 19. Nfh4 N8d7 20. Qg3 Bh6 21.
Bxh6 Qxh6+ 22. Kb1 Bxg6+ 23. Nxg6 Nf8 24. Ne5 Rxg3 25. Nf7+ Kd7 26. Nxh6 Rxg1
27. Rxg1 Ne6 28. h4 Nf4 29. Nf5 Rh8 30. Rg7 Nc8 31. a4 Ke6 32. Ng3 Rxh4 33. Ka2
Nd6 34. Rg8 Rh2 0-1

[Event "Titled Tue 10th Jun Early"]
[Site "chess.com INT"]
[Date "2025.06.10"]
[Round "6"]
[White "Llorente Zaro, Alfonso"]
[Black "Craciun, Sasha-Matei"]
[Result "0-1"]
[WhiteTitle "IM"]
[BlackTitle "FM"]
[WhiteElo "2433"]
[BlackElo "2320"]
[WhiteFideId "2254131"]
[BlackFideId "1281186"]
[EventDate "2025.06.10"]

1. b4 Nf6 2. Bb2 b6 3. Nf3 Bb7 4. g3 g6 5. Bg2 Bg7 6. O-O O-O 7. c4 a5 8. b5 d5
9. cxd5 Bxd5 10. Nc3 Bb7 11. Qc2 Nbd7 12. Rac1 c5 13. bxc6 Bxc6 14. Nd4 Bxg2 15.
Kxg2 Nc5 16. Ndb5 e5 17. Rfd1 h5 18. f3 h4 19. Qb1 e4 20. Nxe4 Nfxe4 21. Bxg7
Kxg7 22. fxe4 Qe7 23. d3 f5 24. Qb2+ Kh7 25. e5 Qb7+ 26. e4 fxe4 27. Nd6 Qd5 28.
dxe4 Qe6 29. Qxb6 h3+ 30. Kg1 Qxa2 31. Qc7+ Kh6 32. Nf5+ Rxf5 0-1

[Event "Titled Tue 10th Jun Early"]
[Site "chess.com INT"]
[Date "2025.06.10"]
[Round "6"]
[White "Cherukuri, Nitesh"]
[Black "Rasch, Holger"]
[Result "1-0"]
[WhiteTitle "CM"]
[BlackTitle "FM"]
[WhiteElo "2171"]
[BlackElo "2246"]
[WhiteFideId "30978688"]
[BlackFideId "4615670"]
[EventDate "2025.06.10"]

1. Nf3 c5 2. g3 b6 3. Bg2 Bb7 4. O-O e6 5. b3 Nf6 6. Bb2 Be7 7. d3 O-O 8. e4 d6
9. Nbd2 Nbd7 10. Qe2 Qc7 11. Rfe1 Rfe8 12. a4 a6 13. h4 Ne5 14. Nh2 h5 15. f4
Neg4 16. Bh3 Nxh2 17. Kxh2 g6 18. Nf3 Nh7 19. Rf1 Bf8 20. Qf2 Bg7 21. Bxg7 Kxg7
22. f5 Rad8 23. Rae1 exf5 24. exf5 Bxf3 25. Qxf3 Rxe1 26. Rxe1 Nf6 27. fxg6 fxg6
28. Re6 Rf8 29. Qe2 Rf7 30. Qe3 d5 31. Qg5 d4 32. Bf5 Ng4+ 33. Bxg4 hxg4 34.
Rxg6+ Kf8 35. Rg8# 1-0

[Event "Titled Tue 10th Jun Early"]
[Site "chess.com INT"]
[Date "2025.06.10"]
[Round "6"]
[White "Yonal, Timur"]
[Black "Jaiveer, Mahendru"]
[Result "1-0"]
[WhiteTitle "FM"]
[BlackTitle "FM"]
[WhiteElo "2170"]
[BlackElo "2217"]
[WhiteFideId "44115725"]
[BlackFideId "25611151"]
[EventDate "2025.06.10"]

1. e4 e6 2. d4 d5 3. Nc3 Nc6 4. Nf3 Nf6 5. e5 Ne4 6. Bd3 Bb4 7. Bd2 Bxc3 8. bxc3
O-O 9. O-O f5 10. exf6 Qxf6 11. Bxe4 dxe4 12. Ng5 e5 13. Nxe4 Qg6 14. Qe2 exd4
15. cxd4 Nxd4 16. Qc4+ Ne6 17. Rfe1 Kh8 18. Ng3 c6 19. Bc3 Bd7 20. h4 Rf4 21.
Qb3 Raf8 22. Re2 Nd4 23. Bxd4 Rxd4 24. h5 Qf6 25. Qxb7 Bg4 26. f3 Rd7 27. Qb1
Qd4+ 28. Kh2 Bxh5 29. Nxh5 Qh4+ 30. Kg1 Qxh5 31. Qb4 a5 32. Qxf8# 1-0

[Event "Titled Tue 10th Jun Early"]
[Site "chess.com INT"]
[Date "2025.06.10"]
[Round "6"]
[White "Osinovsky, Stepan"]
[Black "Logozar, Elijah"]
[Result "1-0"]
[WhiteTitle "FM"]
[WhiteElo "2240"]
[BlackElo "1928"]
[WhiteFideId "4157354"]
[BlackFideId "30963788"]
[EventDate "2025.06.10"]

1. e4 c5 2. Nf3 d6 3. d4 cxd4 4. Nxd4 Nf6 5. Nc3 a6 6. Be3 e5 7. Nb3 Be7 8. Qd2
Be6 9. O-O-O Ng4 10. g3 Nxe3 11. Qxe3 Nc6 12. Kb1 O-O 13. f4 Rc8 14. f5 Bd7 15.
h4 b5 16. Nd5 Re8 17. g4 Na5 18. Nxe7+ Rxe7 19. Rxd6 Qc7 20. Qd2 Nxb3 21. axb3
Be8 22. Rh2 Rd7 23. Rxd7 Bxd7 24. g5 Bc6 25. Bd3 Rd8 26. Qb4 a5 27. Qc5 Qb7 28.
Qxe5 Re8 29. Qd4 Bxe4 30. Re2 Bc6 31. Rxe8+ Bxe8 32. f6 g6 33. Qd8 Qd7 34. Qxd7
Bxd7 35. Kc1 h6 36. Kd2 hxg5 37. hxg5 Kf8 38. Kc3 Ke8 39. b4 a4 40. Kd4 Bc6 41.
Kc5 Bf3 42. Bxb5+ Kd8 43. Bxa4 Kc7 44. b5 Bd1 45. b6+ Kb7 46. Bb3 Bg4 47. Bd5+
Ka6 48. b4 Bf3 49. Bc4+ Kb7 50. Bxf7 Be4 51. Bd5+ Bxd5 52. Kxd5 1-0

[Event "Titled Tue 10th Jun Early"]
[Site "chess.com INT"]
[Date "2025.06.10"]
[Round "6"]
[White "Mattenberger, Matthias"]
[Black "Novozhilov, Semen"]
[Result "0-1"]
[WhiteTitle "FM"]
[BlackTitle "FM"]
[WhiteElo "2286"]
[BlackElo "2352"]
[WhiteFideId "1339958"]
[BlackFideId "24289167"]
[EventDate "2025.06.10"]

1. d4 Nf6 2. c4 c5 3. d5 b5 4. cxb5 a6 5. bxa6 g6 6. Nc3 Bg7 7. e4 O-O 8. a7
Rxa7 9. e5 Ne8 10. h4 d6 11. h5 dxe5 12. hxg6 fxg6 13. Bh6 e6 14. Bc4 Nd6 15.
Qe2 Nxc4 16. Qxc4 Ba6 17. Qe4 exd5 18. Nxd5 Bxh6 19. Rxh6 Rd7 20. Nc3 Bb7 21.
Qc4+ Kg7 22. Rh2 e4 23. Nge2 Qg5 24. Rd1 Rxd1+ 25. Nxd1 Nd7 26. Qb5 Bc8 27. Ne3
Ne5 28. Rh1 Nd3+ 29. Kd2 Nxf2 0-1

[Event "Titled Tue 10th Jun Early"]
[Site "chess.com INT"]
[Date "2025.06.10"]
[Round "6"]
[White "Jimenez Carrazoni, Marta Elena"]
[Black "Murawski, Jan"]
[Result "0-1"]
[WhiteTitle "WCM"]
[BlackTitle "CM"]
[WhiteElo "1968"]
[BlackElo "2164"]
[WhiteFideId "54765102"]
[BlackFideId "21009287"]
[EventDate "2025.06.10"]

1. e4 g6 2. d4 Bg7 3. Be3 c5 4. Nf3 Qa5+ 5. Nc3 Nf6 6. Bd3 c4 7. Bxc4 Nxe4 8.
O-O Nxc3 9. bxc3 d5 10. Bd3 O-O 11. h3 Nc6 12. Qd2 b6 13. Bh6 Ba6 14. Rfe1 e6
15. Bxg7 Kxg7 16. Nh2 Bxd3 17. cxd3 Nxd4 18. Ng4 Nf5 19. Re5 h5 20. Rxf5 hxg4
21. Rf4 gxh3 22. Rh4 Rh8 23. Rxh8 Rxh8 24. gxh3 Rxh3 25. Re1 d4 26. Kg2 Qf5 27.
Qe2 dxc3 28. Rc1 Rh4 29. Rxc3 Qh3+ 30. Kg1 Qh1# 0-1